000 00536nam a22001697a 4500
003 BD-DhUL
005 20210902113635.0
008 181226s1966 pk ||||| |||| 00| 0 urd d
040 _aBD-DhUL
_cBD-DhUL
082 _a891.431
_bSAK
100 1 _aسالک، قربان علی
_d
245 1 0 _aکلیات سالک : مطتبۂ کلب علی خان /
_cقربان علی سالک
260 _aلاهور :
_bمجلس ترقی ادب،
_c۔۱۹۶۶
300 _aص۔ ۲۶۷ ؛
_c۲۲ سم۔
650 4 _aUrdu poetry
942 _2ddc
_cBK
999 _c245432
_d245432